Normal view
MARC view
Entry Topical Term
001 - CONTROL NUMBER
- control field: 51430
003 - CONTROL NUMBER IDENTIFIER
- control field: ARRUPE
005 - DATE AND TIME OF LATEST TRANSACTION
- control field: 20220505094031.0
008 - FIXED-LENGTH DATA ELEMENTS
- fixed length control field: 220505|| aca||aabn | a|a d
040 ## - CATALOGING SOURCE
- Original cataloging agency: ARRUPE
- Transcribing agency: ARRUPE
150 ## - HEADING--TOPICAL TERM
- Topical term or geographic name as entry element: Mathematicians
- Form subdivision: Anecdotes
670 ## - SOURCE DATA FOUND
- Source citation: Work cat.: (ARRUPE)131351: Freund, Peter G. O. (Peter George Oliver), 1936-2018. 51428, A passion for discovery /, c2007.